Engineering Chemistry/ (Record no. 186218)

MARC details
000 -LEADER
fixed length control field 00654nam a22002057a 4500
005 - DATE AND TIME OF LATEST TRANSACTION
control field 20220217113611.0
010 ## - LCCN (DPL NO)
LC control number ENG-131649
020 ## - INTERNATIONAL STANDARD BOOK NUMBER
International Standard Book Number 9788194878261
Terms of availability 360.00
035 ## - SYSTEM CONTROL NUMBER
System control number EN-115181
037 ## - SOURCE OF ACQUISITION
Source of stock number/acquisition DBAD
082 ## - DEWEY DECIMAL CLASSIFICATION NUMBER
Classification number 660
100 ## - MAIN ENTRY--PERSONAL NAME
Personal name Rao, J. Srinivasa
245 ## - TITLE STATEMENT
Title Engineering Chemistry/
Statement of responsibility, etc J. Srinivasa Rao, Lakshman Kumar, Pramila Rani
260 ## - PUBLICATION, DISTRIBUTION, ETC. (IMPRINT)
Place of publication, distribution, etc Hyderabad
Name of publisher, distributor, etc Spectrum Publishing House
Date of publication, distribution, etc 2020
270 ## - ADDRESS
Address # 326/C, III Floor, Surneni Nilayam Near B K Guda Park, S R Nagar
City Hyderabad
Postal code 500038
300 ## - PHYSICAL DESCRIPTION
Extent xvi, 384p.
Dimensions 24cm(pbk)
700 ## - ADDED ENTRY--PERSONAL NAME
Personal name Kumar, Lakshman
700 ## - ADDED ENTRY--PERSONAL NAME
Personal name Rani, Pramila
942 ## - ADDED ENTRY ELEMENTS (KOHA)
Source of classification or shelving scheme Dewey Decimal Classification
Item type English Books
Classification part 660
Call number suffix RAO
Holdings
Withdrawn status Lost status Not for loan Collection code Home library Current library Date acquired Source of acquisition Cost, normal purchase price Full call number Barcode Copy number Cost, replacement price Koha item type
      Non-fiction Central Library Central Library 17/02/2022 DBAD/PUB 360.00 660 RAO EN-115181 1 360.00 English Books

© Delhi Public Library
Hit Counter
free hit counter